Инженерно-геологическая графика: учебное пособие

Bibliografiske detaljer
Institution som forfatter: Казахский политехнический институт (КазПТИ)
Summary:Исключено из фонда НТБ ТПУ
Sprog:russisk
Udgivet: Алма-Ата, Изд-во КазПТИ, 1986
Format: MixedMaterials Bog
KOHA link:https://koha.lib.tpu.ru/cgi-bin/koha/opac-detail.pl?biblionumber=266460

MARC

LEADER 00000nam0a2200000 4500
001 266460
005 20231031223523.0
020 |a RU  |b 87-37938 
035 |a (RuTPU)RU\TPU\book\289480 
090 |a 266460 
100 |a 20140709d1986 m y0rusy5003 ca 
101 0 |a rus 
102 |a KZ 
105 |a a j 001zy 
200 1 |a Инженерно-геологическая графика  |e учебное пособие  |f Казахский политехнический институт (КазПТИ) 
210 |a Алма-Ата  |c Изд-во КазПТИ  |d 1986 
215 |a 86 с.  |c ил. 
333 |a Исключено из фонда НТБ ТПУ 
712 0 2 |a Казахский политехнический институт (КазПТИ) 
801 0 |a RU  |b RuMRKP  |c 19950417  |g psbo 
801 1 |a RU  |b 63413507  |c 20140709 
801 2 |a RU  |b 63413507  |c 20220211  |g RCR 
942 |c BK